000 00608nam a2200181Ia 4500
008 090124s9999 xx 000 0 und d
082 _b6661
100 _aपाठक अप्पासाहेब
245 _a समर्थ रामदास
250 _a0
260 _bअरगडे कुलकर्णी प्रकाशन
_c1974
300 _a52
600 _aपाठक अप्पासाहेब
630 _a समर्थ रामदास
700 _aपाठक अप्पासाहेब
730 _a समर्थ रामदास
942 _cBOOK
999 _c84821
_d84821